Best MLB Baseball Player by Year - Statistics

General Stats
  • This quiz has been taken 22 times
  • The average score is 31 of 139
Answer Stats
Year Player % Correct
2021, 2023, 2024, 2025 Shohei Ohtani
100%
2017, 2022, 2024, 2025 Aaron Judge
94%
2012, 2014, 2015, 2016, 2019 Mike Trout
94%
2015, 2021 Bryce Harper
88%
1944 Dizzy Trout
82%
1916, 1919, 1920, 1921, 1923, 1924, 1926, 1927, 1928, 1929, 1930, 1931 Babe Ruth
71%
1990, 1991, 1992, 1993, 1996, 1998 Barry Bonds
71%
2023 Ronald Acuna Jr.
71%
2013 Miguel Cabrera
65%
2019 Christian Yelich
59%
2020 Freddie Freeman
59%
2018 Mookie Betts
59%
2022 Paul Goldschmidt
59%
2002 Randy Johnson
59%
1912, 1913, 1914, 1915, 1918 Walter Johnson
59%
2003, 2004, 2006, 2007, 2008, 2009, 2010 Albert Pujols
53%
1996, 2005, 2007 Alex Rodriguez
53%
1955, 1956, 1958, 1961, 1962 Mickey Mantle
53%
1941, 1942, 1946, 1947, 1948, 1949, 1951, 1954, 1957 Ted Williams
53%
2006 David Ortiz
47%
1993, 1997 Ken Griffey Jr.
47%
2016 Kris Bryant
47%
1934, 1936, 1937 Lou Gehrig
47%
2000 Pedro Martinez
47%
1907, 1909, 1910, 1911, 1917 Ty Cobb
47%
2013, 2014 Clayton Kershaw
41%
2010 Josh Hamilton
41%
1990 Rickey Henderson
41%
2012 Ryan Braun
41%
1983, 1991 Cal Ripken Jr.
35%
1995 Edgar Martinez
35%
1966 Frank Robinson
35%
1992, 1994 Frank Thomas
35%
2017 Giancarlo Stanton
35%
2018 Jacob DeGrom
35%
2009 Joe Mauer
35%
2020 Jose Abreu
35%
1999 Manny Ramirez
35%
1917, 1921, 1922, 1923, 1924, 1925, 1927, 1928, 1929 Rogers Hornsby
35%
1954, 1955, 1957, 1958, 1960, 1962, 1964, 1965 Willie Mays
35%
1999 Chipper Jones
29%
1980, 1985 George Brett
29%
1959, 1961, 1963, 1971 Hank Aaron
29%
2001 Luis Gonzalez
29%
1974, 1980, 1981, 1982 Mike Schmidt
29%
1969, 1973 Reggie Jackson
29%
1982 Robin Yount
29%
1966 Sandy Koufax
29%
1943, 1944, 1946, 1948, 1949, 1950, 1951, 1952 Stan Musial
29%
1959 Al Kaline
24%
1892 Cy Young
24%
2005 Derrek Lee
24%
1900, 1903, 1904, 1907, 1908 Honus Wagner
24%
2001, 2002 Jim Thome
24%
2011 Jose Bautista
24%
1997 Larry Walker
24%
2011 Matt Kemp
24%
1960 Roger Maris
24%
2000 Todd Helton
24%
1987, 1988 Wade Boggs
24%
1968 Bob Gibson
18%
1963, 1967, 1968, 1970 Carl Yastrzemski
18%
1995 Greg Maddux
18%
1935, 1940 Hank Greenberg
18%
1994 Jeff Bagwell
18%
1975 Jim Palmer
18%
1967 Roberto Clemente
18%
2004 Vladimir Guerrero
18%
1973 Willie Stargell
18%
1909, 1910, 1911 Christy Mathewson
12%
1986 Don Mattingly
12%
1985 Dwight Gooden
12%
1914, 1915, 1916, 1920 Grover Alexander
12%
1926, 1930 Hack Wilson
12%
1987 Jack Clark
12%
1932, 1933, 1938, 1939 Jimmie Foxx
12%
1975, 1976 Joe Morgan
12%
2008 Kevin Youkilis
12%
1901, 1903, 1904 Nap Lajoie
12%
1974, 1977 Rod Carew
12%
1984 Ryne Sandberg
12%
1988 Will Clark
12%
1969 Willie McCovey
12%
1998 Albert Belle
6%
1925 Al Simmons
6%
1935 Arky Vaughan
6%
1989 Bret Saberhagen
6%
2003 Carlos Delgado
6%
1983 Dale Murphy
6%
1978 Dave Parker
6%
1979 Dave Winfield
6%
1981 Dwight Evans
6%
1977 George Foster
6%
1945 Hal Newhouser
6%
1918 Hippo Vaughn
6%
1937 Joe Medwick
6%
1939, 1940 Johnny Mize
6%
1976 Mark Fidrych
6%
1986 Mike Scott
6%
1947 Ralph Kiner
6%
1978 Ron Guidry
6%
1970 Tony Perez
6%
1953 Al Rosen
0%
1913 Babe Adams
0%
1890 Billy Rhines
0%
1931, 1932, 1933 Chuck Klein
0%
1898 Clark Griffith
0%
1905 Cy Seymour
0%
1891 Dan Brouthers
0%
1964 Dean Chance
0%
1953, 1956 Duke Snider
0%
1893, 1895, 1896, 1899, 1902 Ed Delahanty
0%
1919 Eddie Cicotte
0%
1984 Eddie Murray
0%
1908 Ed Walsh
0%
1979 Fred Lynn
0%
1972 Gaylord Perry
0%
1922 George Sisler
0%
1906 George Stone
0%
1912 Heinie Zimmerman
0%
1894 Hugh Duffy
0%
1902 Jack Taylor
0%
1901 Jesse Burkett
0%
1989 Kevin Mitchell
0%
1891 Kid Nichols
0%
1950, 1952 Larry Doby
0%
1934, 1936, 1938 Mel Ott
0%
1906 Mordecai Brown
0%
1942 Mort Cooper
0%
1941 Pete Reiser
0%
1905 Rube Waddell
0%
1965 Sam McDowell
0%
1890 Scott Stratton
0%
1890 Silver King
0%
1943 Spud Chandler
0%
1972 Steve Carlton
0%
1945 Tommy Holmes
0%
1971 Vida Blue
0%
1897 Willie Keeler
0%
No matching quizzes found
Score Distribution
Percent of People with Each Score
Percentile by Number Answered
Your Score History
You have not taken this quiz